000 00476nam a2200181Ia 4500
005 20250317131155.0
008 008 250317s9999 xx 000 0 eng d
037 _aTextbook
040 _aFMSL
_beng
_cFMSL
041 _aeng
_2eng
084 _qFMSL
100 _aOxford Univ Press
_9746600
245 0 _aWorld development report
260 _aOxford
_bOxford, univ press
_c1984
300 _a297p
942 _cTB
999 _c1266995
_d1266995